Hoạt động giáo dục hướng nghiệp 10 Sách giáo viên

Đã lưu trong:
Sonraí Bibleagrafaíochta
Príomhúdar: Phạm, Tất Dong
Údair Eile: Đặng, Danh Ánh
Formáid: Leabhar
Teanga:Undetermined
Foilsithe: H. Giáo dục 2006
Ábhair:
Rochtain Ar Líne:http://lrc.tdmu.edu.vn/opac/search/detail.asp?aID=2&ID=5200
Clibeanna: Cuir Clib Leis
Gan Chlibeanna, Bí ar an gcéad duine leis an taifead seo a chlibeáil!
Thư viện lưu trữ: Trung tâm Học liệu Trường Đại học Thủ Dầu Một
LEADER 00715nam a2200217Ia 4500
001 TDMU_5200
008 210410s9999 xx 000 0 und d
082 |a 370.113 072 
090 |b PH104 
100 |a Phạm, Tất Dong 
245 0 |a Hoạt động giáo dục hướng nghiệp 10 
245 0 |b Sách giáo viên 
245 0 |c Phạm Tất Dong 
260 |a H. 
260 |b Giáo dục 
260 |c 2006 
300 |a 111tr 
650 |a Sách lớp 10  |v Giáo viên; Giáo dục hướng nghiệp 
700 |a Đặng, Danh Ánh 
856 |u http://lrc.tdmu.edu.vn/opac/search/detail.asp?aID=2&ID=5200 
980 |a Trung tâm Học liệu Trường Đại học Thủ Dầu Một